000 00530nam a2200181Ia 4500
005 20250423095025.0
008 250422s9999 xx 000 0 und d
020 _a9780444289
050 _aKP 97 .N3/
100 _aNwagbara, Chigozie
245 0 _aDetermination of contract of employment and remedies for wrongful dismissal
260 _aLagos
260 _bTAIT
260 _c2000
300 _a137 p
650 _a Employees--Dismissal of--Law and legislation--Nigeria. Remedies (Law)--Nigeria.
942 _cBK
999 _c29008
_d29008